| Поле | Инд. | ПП | Название | Значение |
|---|---|---|---|---|
| Тип записи | a | |||
| Библиографический уровень | b | |||
| 001 | Контрольный номер | RU/IS/BASE/484244482 | ||
| 005 | Дата корректировки | 20200522191729.2 | ||
| 008 | Кодируемые данные | 20150506 | ||
| 040 | b | Код языка каталог. | rus | |
| e | Правила каталог. | PSBO | ||
| 041 | 0_ | a | Код языка текста | rus |
| 084 | a | Индекс другой классификации/Индекс ББК | 65.29-93-551 | |
| 100 | 1_ | a | Автор | Воротникова И. |
| 245 | 10 | a | Заглавие | Проблемы финансирования инновационой деятельности |
| 504 | a | Библиография | Библиогр. | |
| 520 | a | Аннотация | Несмотря на провозглашенные в России ориентиры на инновационнный путь развития экономики, добиться значимогоого прорыва в этой области пока не удалось. Существенную роль в преодолении этой проблемы играет совершенствование системы инновационной деятельности. | |
| 650 | 14 | a | Основная рубрика | бизнес |
| a | Основная рубрика | экономика | ||
| 653 | 1_ | a | Ключевые слова | антикризисное управление |
| a | Ключевые слова | бизнес-ангелы | ||
| a | Ключевые слова | венчурное финансирование | ||
| a | Ключевые слова | инвестирование инноваций | ||
| a | Ключевые слова | инновации | ||
| a | Ключевые слова | инновационная деятельность | ||
| a | Ключевые слова | инновационные ресурсы | ||
| a | Ключевые слова | конкурентоспособность предприятия | ||
| a | Ключевые слова | Россия | ||
| a | Ключевые слова | финансирование инноваций | ||
| a | Ключевые слова | финансовое состояние | ||
| a | Ключевые слова | эффективность управления | ||
| 773 | 08 | t | Заглавие источника | РИСК: ресурсы, информация, снабжение, конкуренция |
| d | Дата издания источника | 2013 | ||
| g | Прочая информация | № 3. - С. 276 - 278 | ||
| w | Контрольный № источника | RU/IS/BASE/439917319 | ||
| 901 | t | Тип документа | b |